000 00271nam a2200109Ia 4500
003 GCL
008 140319s9999 xx 000 0 ara d
040 _aGCL /
_cGCL
245 1 0 _a5072
300 _aّ
490 _aسلسلة كتب فى طرق تدريس الرياضيات
_v0
999 _c27486
_d27486